Po úradoch by sme mali „behať" menej

Bibliographic Details
Main Author: Tomalová, Jana (Author)
Format: Article
Language:Slovak
ISSN:1210-2423
Subjects:

MARC

LEADER 00000nab a2200000 ar4500
001 vtls011591473
003 SK-MaSNL
005 20260303221849.0
008 161108c2016 xo wr|p|||||||000 b|slo
038 |a PPPK 
040 |a PPPKCL  |b slo  |c PPPKCL  |e AACR2 
041 0 |a slo 
044 |a xo  |c SK 
080 |a 353.9:004.77  |2 2011 
080 |a 005.745  |2 2011 
100 1 |a Tomalová, Jana  |4 aut  |9 1086271 
245 1 0 |a Po úradoch by sme mali „behať" menej  |c Jana Tomalová 
610 2 7 |a Združenie miest a obcí Slovenska  |2 pppkcl  |9 30200 
630 0 7 |a Dátové centrum obcí a miest (projekt)  |2 pppkcl  |9 1255767 
648 7 |a 27.10.2016  |2 pppkcl  |9 1255768 
650 0 7 |a samospráva  |2 pppkcl  |9 4165 
650 0 7 |a elektronizácia  |2 pppkcl  |9 28299 
650 0 7 |a konferencie  |2 pppkcl  |9 19221 
651 7 |a Štrbské Pleso (Štrba, Slovensko)  |2 pppkcl  |9 174790 
773 0 |t Podtatranské noviny  |g Roč. LVI, č. 45 (2016), s. 7  |x 1210-2423 
852 |a PPPK  |b KIS3GCP 
999 |c 2236629  |d 2238559